• 首页
  • 本馆介绍
  • 公告通知
  • 最新文献
  • 馆藏检索
  • 电子资源
  • 读者导购
  • 参考咨询
  • 我的图书馆
  • 登录
  • 详细信息显示
  • 放入我的书架
  • 预约/预借图书
  • 作者相关作品
  • 分类相关作品
  • 丛书相关作品
  • 出版社相关作品

书目信息

  • 表格格式
  • 工作单格式
  • 卡片格式
题名:
能量代谢
    
 
作者: 鲍尔 , Ball 著 ;张维钦 译
分册:  
出版信息: 北京   科学出版社  1979
页数: 95页
开本: 19cm
丛书名:
单 册:
中图分类: Q591.8
科图分类:
主题词: 能量代谢-生物化学 , 生物化学-能量代谢
电子资源:
ISBN: 13031.954
000 00805nam0 2200289 450
001 0179002481
005 20100712215532.0
010    @a13031.954@dCNY0.35
091    @a13031.954
100    @a19950727d1979 em y0chiy0110 ea
101 1  @achi@ceng
102    @aCN@b110000
105    @ay z 000yy
106    @ar
200 1  @a能量代谢@9Neng Liang Dai Xie @f(美)鲍尔(E.G.Ball)著@g张维钦译
210    @a北京@c科学出版社@d1979
215    @a95页@d19cm
300    @a书名原文:Energy metabolism
510 1  @aEnergy metabolism@zeng
606 0  @a能量代谢-生物化学
606 0  @a生物化学-能量代谢
690    @aQ591.8@v3
701  1 @a鲍尔@9bao er@bE.G.@4著
701  1 @aBall@bE.G.@4著
702  0 @a张维钦@9zhang wei qin@4译
801  0 @aCN@b91MARC@c20130904
905    @aBZT@dQ591.8@e1@f4@sQ591.8/1
    
    能量代谢/(美)鲍尔(E.G.Ball)著/张维钦译.-北京:科学出版社,1979
    95页;19cm
    书名原文:Energy metabolism
    
    ISBN 13031.954:CNY0.35
    
●
相关链接 在五车中查询图书 在当当中查询图书 在豆瓣中查询图书


正题名:能量代谢     索取号:Q591.8/1         预约/预借

序号 登录号 条形码 馆藏地/架位号 状态 备注
1 2000139480   2000139480   旧书回溯/ [索取号:Q591.8/1] 在馆    
2 2000139481   2000139481   旧书回溯/ [索取号:Q591.8/1] 在馆    
3 2000139482   2000139482   旧书回溯/ [索取号:Q591.8/1] 在馆    
4 2000139483   2000139483   旧书回溯/ [索取号:Q591.8/1] 在馆    
山东省滨州职业学院图书馆 欢迎您!
大连网信软件有限公司© 版权所有